Rumuni proti korupcii
Boj proti korupcii v Rumunsku. Sporné nariadenie vlády o zmene Trestného zákona. Demonštrácie v Bukurešti a v regiónoch. Snahy politikov ochromiť činnosť protikorupčného úradu.
Saved in:
| Main Author: | |
|---|---|
| Other Authors: | |
| Format: | Book Chapter |
| Language: | Slovak |
| Subjects: | |
| Tags: |
No Tags, Be the first to tag this record!
|
MARC
| LEADER | 00000naa a2200000 4500 | ||
|---|---|---|---|
| 001 | 0227189 | ||
| 005 | 20170217092433.7 | ||
| 041 | 0 | |a slo | |
| 044 | |a SK | ||
| 245 | 1 | 0 | |a Rumuni proti korupcii |c Zuzana Petková, Marian Mircea |
| 520 | |a Boj proti korupcii v Rumunsku. Sporné nariadenie vlády o zmene Trestného zákona. Demonštrácie v Bukurešti a v regiónoch. Snahy politikov ochromiť činnosť protikorupčného úradu. | ||
| 610 | 2 | 0 | |a korupcia |
| 610 | 2 | 0 | |a vláda |
| 610 | 2 | 0 | |a strany vládne |
| 610 | 2 | 0 | |a demonštrácie |
| 610 | 2 | 0 | |a politika |
| 610 | 2 | 0 | |a Rumunsko |
| 100 | 1 | |a Petková, Zuzana | |
| 700 | 1 | |a Mircea, Marian | |